| 000 | 00960nam a22002297a 4500 | ||
|---|---|---|---|
| 999 |
_c62410 _d62410 |
||
| 003 | Ge_BSU | ||
| 005 | 20241023143412.0 | ||
| 008 | 241023s2024 ge ||||| |||| 00| 0 geo d | ||
| 020 | _a9789941864889 | ||
| 041 | _ageo | ||
| 080 | _a81'221.2 მ-44 | ||
| 100 |
_aმახარობლიძე, თამარ _923508 |
||
| 245 |
_aლინგვისტური წერილები / _bტ.VI _cთამარ მახარობლიძე. |
||
| 264 |
_aთბილისი, _c2024. |
||
| 300 |
_a262 გვ. : _bილ., ფოტ. ; _c29 სმ. |
||
| 500 | _aტექსტის ნაწილი ინგლისურ ენაზე | ||
| 504 | _aბიბლიოგრაფია თავების ბოლოს | ||
| 653 | _aლინგვისტიკა | ||
| 653 | _aქართული ენის გრამატიკა | ||
| 773 | _tნაჩუქარი | ||
| 942 |
_2udc _cᲬᲘᲒᲜᲘ |
||